[Event "Africa-ch rapid"]
[Site "Accra"]
[Date "2024.03.10"]
[Round "1"]
[White "Frempong, Smart Daniel"]
[Black "Paiva, Donaldo"]
[Result "0-1"]
[WhiteElo "1877"]
[BlackElo "2172"]
[PlyCount "92"]
[EventDate "2024.03.07"]
[EventType "swiss (rapid)"]
[EventRounds "6"]
[EventCountry "GHA"]
[SourceTitle "CB15_2024"]
[SourceDate "2024.04.10"]
[SourceVersion "1"]
[SourceVersionDate "2024.04.10"]
[SourceQuality "1"]

1. d4 Nf6 2. Nf3 d5 3. g3 Bg4 4. Bg2 c6 5. 0-0 e6 6. Ne5 Bf5 7. c4 Nbd7 8. cxd5 exd5 9. Nxd7 Qxd7 10. Nc3 Be7 11. Bf4 0-0 12. a3 Rfe8 13. Re1 Bf8 14. b4 b5 15. Bg5 Ne4 16. Nxe4 Bxe4 17. Bxe4 Rxe4 18. Kg2 a5 19. Qd2 Qa7 20. Be3 axb4 21. axb4 Qxa1 22. Rxa1 Rxa1 23. Qc3 Ra6 24. f3 Re6 25. Kf2 Ra4 26. Bf4 Bxb4 27. Qc2 Bf8 28. e3 h6 29. h4 Ra3 30. g4 b4 31. Kg3 Ra5 32. e4 dxe4 33. fxe4 Ra3+ 34. Kg2 Rc3 35. Qb1 Rc4 36. Be3 c5 37. Qd3 Rc3 38. Qd2 Rxe4 39. Bf2 Rxg4+ 40. Kf1 cxd4 41. Bxd4 Rf3+ 42. Ke1 b3 43. Qe2 Rxd4 44. Qxf3 b2 45. Qf5 Ra4 46. Qc2 Ra1+ 0-1

[Event "Africa-ch rapid"]
[Site "Accra"]
[Date "2024.03.10"]
[Round "6"]
[White "Paiva, Donaldo"]
[Black "Mwali, Chitumbo"]
[Result "1-0"]
[WhiteElo "2172"]
[BlackElo "2340"]
[PlyCount "91"]
[EventDate "2024.03.07"]
[EventType "swiss (rapid)"]
[EventRounds "6"]
[EventCountry "GHA"]
[SourceTitle "CB15_2024"]
[SourceDate "2024.04.10"]
[SourceVersion "1"]
[SourceVersionDate "2024.04.10"]
[SourceQuality "1"]

1. d4 Nf6 2. c4 c5 3. d5 e6 4. Nc3 exd5 5. cxd5 d6 6. Nf3 g6 7. Nd2 Bg7 8. e4 0-0 9. Be2 Na6 10. 0-0 Nc7 11. a4 Rb8 12. Re1 b6 13. Nc4 Ba6 14. Bf4 Bxc4 15. Bxc4 a6 16. Qd3 Nh5 17. Bd2 b5 18. axb5 axb5 19. Nxb5 Nxb5 20. Bxb5 Bxb2 21. Ra6 Qf6 22. g3 Ra8 23. Be3 Rxa6 24. Bxa6 Ra8 25. Rb1 Be5 26. Rb6 Qf3 27. Bh6 Qxd3 28. Bxd3 Nf6 29. h3 c4 30. Bc2 Nd7 31. Rc6 Nc5 32. f4 Bd4+ 33. Kf1 f5 34. exf5 Ra2 35. fxg6 hxg6 36. Bxg6 Rf2+ 37. Ke1 Nd3+ 38. Bxd3 cxd3 39. f5 Rxf5 40. Bf4 Be5 41. Bxe5 Rxe5+ 42. Kd2 Rxd5 43. Rc3 Re5 44. Rxd3 d5 45. Re3 Rf5 46. Ke2 1-0

[Event "Olympiad-44"]
[Site "Chennai"]
[Date "2022.08.08"]
[Round "10.1"]
[White "Paiva, Donaldo"]
[Black "Maung, Maung Kyaw Zaw"]
[Result "1/2-1/2"]
[WhiteElo "2191"]
[BlackElo "2121"]
[PlyCount "123"]
[EventDate "2022.07.29"]
[EventType "team-swiss"]
[EventRounds "11"]
[EventCountry "IND"]
[SourceTitle "CBM 210"]
[Source "ChessBase"]
[SourceDate "2022.10.31"]
[SourceVersion "1"]
[SourceVersionDate "2022.10.31"]
[SourceQuality "1"]
[WhiteTeam "Mozambique"]
[BlackTeam "Myanmar"]
[WhiteTeamCountry "MOZ"]
[BlackTeamCountry "MYA"]

1. d4 d5 2. c4 c6 3. Nf3 Nf6 4. Nc3 e6 5. e3 Nbd7 6. Qc2 Bd6 7. b3 0-0 8. Be2 b6 9. 0-0 Bb7 10. Rd1 Rc8 11. e4 e5 12. dxe5 Nxe5 13. Bg5 h6 14. Bh4 Ng6 15. Bg3 Re8 16. exd5 cxd5 17. Nd4 Ne5 18. Nf5 Bf8 19. Qb2 Qd7 20. Ne3 d4 21. Nb5 Ba8 22. Nxd4 Qb7 23. Bf1 Ne4 24. Nd5 Nxg3 25. hxg3 Rcd8 26. Nb5 Rc8 27. Re1 a6 28. Rxe5 Rxe5 29. Qxe5 axb5 30. Re1 bxc4 31. bxc4 b5 32. Ne3 bxc4 33. Rc1 c3 34. Rxc3 Qb2 35. Rc5 Qxe5 36. Rxe5 Bd6 37. Ra5 Be4 38. Bc4 Bc5 39. Bd5 Bxe3 40. Bxe4 Rc1+ 41. Kh2 Bc5 42. Ra8+ Bf8 43. Bd5 Rc7 44. a4 g6 45. a5 Kg7 46. a6 Bc5 47. f4 h5 48. f5 gxf5 49. Bf3 Bf2 50. Bxh5 Ra7 51. Rxa7 Bxa7 52. Kh3 Kf6 53. Kh4 Ke6 54. Bd1 Be3 55. Kh5 Kf6 56. Bb3 Ke7 57. Bd5 Kf6 58. Bb7 Ke7 59. Bc8 Kd8 60. Bxf5 Kc7 61. Bg6 f6 62. Bd3 1/2-1/2

[Event "Olympiad-44"]
[Site "Chennai"]
[Date "2022.08.06"]
[Round "8.1"]
[White "Nevska, Gerda"]
[Black "Paiva, Donaldo"]
[Result "0-1"]
[WhiteElo "1840"]
[BlackElo "2191"]
[PlyCount "54"]
[EventDate "2022.07.29"]
[EventType "team-swiss"]
[EventRounds "11"]
[EventCountry "IND"]
[SourceTitle "CBM 210"]
[Source "ChessBase"]
[SourceDate "2022.10.31"]
[SourceVersion "1"]
[SourceVersionDate "2022.10.31"]
[SourceQuality "1"]
[WhiteTeam "Guernsey"]
[BlackTeam "Mozambique"]
[WhiteTeamCountry "GCI"]
[BlackTeamCountry "MOZ"]

1. c4 c5 2. Nc3 Nc6 3. g3 g6 4. Bg2 Bg7 5. e4 e6 6. Nge2 Nge7 7. 0-0 a6 8. d3 Rb8 9. Be3 Nd4 10. Qc1 0-0 11. Bh6 Nec6 12. Bxg7 Kxg7 13. Qd2 b5 14. Nxd4 cxd4 15. Ne2 bxc4 16. dxc4 e5 17. Rab1 a5 18. a3 a4 19. Qd1 Qa5 20. b4 axb3 21. Rxb3 Ba6 22. Rxb8 Rxb8 23. Bh3 Bxc4 24. Bxd7 d3 25. Nf4 d2 26. Bxc6 Bxf1 27. Nd5 Be2 0-1

[Event "Olympiad-44"]
[Site "Chennai"]
[Date "2022.08.05"]
[Round "7.1"]
[White "Paiva, Donaldo"]
[Black "Oatlhotse, Providence"]
[Result "1/2-1/2"]
[WhiteElo "2191"]
[BlackElo "2204"]
[PlyCount "110"]
[EventDate "2022.07.29"]
[EventType "team-swiss"]
[EventRounds "11"]
[EventCountry "IND"]
[SourceTitle "CBM 210"]
[Source "ChessBase"]
[SourceDate "2022.10.31"]
[SourceVersion "1"]
[SourceVersionDate "2022.10.31"]
[SourceQuality "1"]
[WhiteTeam "Mozambique"]
[BlackTeam "Botswana"]
[WhiteTeamCountry "MOZ"]
[BlackTeamCountry "BOT"]

1. d4 g6 2. e4 Bg7 3. Nc3 d6 4. Be3 a6 5. Qd2 b5 6. a4 b4 7. Nd1 a5 8. c3 Nf6 9. Bd3 0-0 10. cxb4 axb4 11. Ne2 Ng4 12. Qxb4 c5 13. Qd2 Nxe3 14. fxe3 Nc6 15. Bb5 Qb6 16. Ndc3 e6 17. Rd1 Nb4 18. 0-0 Bh6 19. Kh1 Ba6 20. b3 Bb7 21. d5 e5 22. Rf3 Bc8 23. h3 Ra7 24. Rdf1 Qd8 25. Nc1 f5 26. Nd3 Nxd3 27. Bxd3 f4 28. exf4 Raf7 29. Qe1 exf4 30. e5 dxe5 31. Bc4 Rf5 32. Ne4 Rh5 33. Nxc5 Bg4 34. Ne6 Qd6 35. Nxf8 Bxf3 36. Rxf3 Bxf8 37. Qe4 Kg7 38. Rf1 Qd7 39. Rf3 Bd6 40. Bd3 Qc7 41. Bc4 Qc5 42. Bd3 Rg5 43. Qc4 Qa3 44. Be4 Rg3 45. Kh2 Rxf3 46. Bxf3 Qa1 47. Qc6 Qe1 48. Qd7+ Kh6 49. Qxd6 Qg3+ 50. Kh1 Qe1+ 51. Kh2 Qg3+ 52. Kh1 Qe1+ 53. Kh2 Qg3+ 54. Kh1 Qe1+ 55. Kh2 Qg3+ 1/2-1/2

[Event "Olympiad-44"]
[Site "Chennai"]
[Date "2022.07.30"]
[Round "2.1"]
[White "Toczek, Grzegorz"]
[Black "Paiva, Donaldo"]
[Result "1/2-1/2"]
[WhiteElo "2287"]
[BlackElo "2191"]
[PlyCount "76"]
[EventDate "2022.07.29"]
[EventType "team-swiss"]
[EventRounds "11"]
[EventCountry "IND"]
[SourceTitle "CBM 210"]
[Source "ChessBase"]
[SourceDate "2022.10.31"]
[SourceVersion "1"]
[SourceVersionDate "2022.10.31"]
[SourceQuality "1"]
[WhiteTeam "Wales"]
[BlackTeam "Mozambique"]
[WhiteTeamCountry "WLS"]
[BlackTeamCountry "MOZ"]

1. e4 c5 2. Nf3 d6 3. d4 cxd4 4. Qxd4 Nc6 5. Bb5 Bd7 6. Bxc6 Bxc6 7. Nc3 Nf6 8. Bg5 e6 9. 0-0-0 Be7 10. Qd3 0-0 11. Nd4 Qa5 12. Bd2 Qc7 13. f4 Rfd8 14. g4 d5 15. e5 Nd7 16. Qg3 Rac8 17. f5 Nxe5 18. fxe6 Bd6 19. Rhf1 Re8 20. Bf4 fxe6 21. Rde1 Nd3+ 22. cxd3 e5 23. Nf5 exf4 24. Qf2 Be5 25. d4 Bf6 26. h4 Bd7 27. Rxe8+ Rxe8 28. Qxf4 Qxf4+ 29. Rxf4 Bxf5 30. gxf5 Rd8 31. Kc2 h5 32. Kd3 Kh7 33. Rf1 Kh6 34. Rh1 Rd7 35. Ne2 Re7 36. Nc3 Rd7 37. Ne2 Re7 38. Nc3 Rd7 1/2-1/2

[Event "Titled Tuesday intern op 19th Jul Late"]
[Site "Chess.com INT"]
[Date "2022.07.19"]
[Round "2"]
[White "Bach, Matthias"]
[Black "Paiva, Donaldo"]
[Result "0-1"]
[WhiteElo "2220"]
[BlackElo "2191"]
[PlyCount "78"]
[EventDate "2022.07.19"]
[EventType "swiss (blitz)"]
[EventRounds "11"]
[EventCountry "USA"]
[SourceTitle "EXT 2023"]
[Source "ChessBase"]
[SourceDate "2022.10.05"]
[SourceVersion "1"]
[SourceVersionDate "2022.10.05"]
[SourceQuality "1"]

1. d4 Nf6 2. c4 e6 3. Nc3 Bb4 4. Bg5 h6 5. Bh4 c5 6. d5 d6 7. e3 Bxc3+ 8. bxc3 e5 9. Bd3 g5 10. Bg3 Qe7 11. Ne2 Nbd7 12. 0-0 Nf8 13. f4 gxf4 14. exf4 e4 15. Bc2 Bf5 16. Ba4+ Kd8 17. Rb1 Ng6 18. Qb3 Kc8 19. Qd1 h5 20. Bc2 h4 21. Bf2 h3 22. g3 Rg8 23. Be3 Bg4 24. Qd2 Nh4 25. Rb2 Nf3+ 26. Rxf3 exf3 27. Nc1 Re8 28. Kf2 Ne4+ 29. Bxe4 Qxe4 30. Nb3 b6 31. a4 Qxc4 32. a5 Qe2+ 33. Qxe2 fxe2 34. Bd2 Kc7 35. Nc1 Re4 36. Nd3 Ra4 37. axb6+ axb6 38. Be1 Ra2 39. Rb3 c4 0-1

[Event "Online Olym Div3 B"]
[Site "Chess.com INT"]
[Date "2021.08.29"]
[Round "8.2"]
[White "Paiva, Donaldo"]
[Black "Khairallah, Faisal"]
[Result "1/2-1/2"]
[WhiteElo "2201"]
[BlackElo "2247"]
[PlyCount "84"]
[EventDate "2021.08.27"]
[EventType "team-tourn (rapid)"]
[EventRounds "9"]
[EventCountry "USA"]
[SourceTitle "CBM 204 Extra"]
[Source "ChessBase"]
[SourceDate "2021.11.30"]
[SourceVersion "1"]
[SourceVersionDate "2021.11.30"]
[SourceQuality "1"]
[WhiteTeam "Mozambique"]
[BlackTeam "Lebanon"]
[WhiteTeamCountry "MOZ"]
[BlackTeamCountry "LBN"]

1. d4 Nf6 2. c4 d6 3. Nf3 g6 4. g3 Bg7 5. Bg2 0-0 6. 0-0 Nbd7 7. Nc3 e5 8. h3 Re8 9. e4 exd4 10. Nxd4 a6 11. Re1 Rb8 12. Bf4 Ne5 13. b3 c5 14. Nc2 b5 15. Ne3 Nh5 16. Bxe5 Bxe5 17. Rc1 Be6 18. Ncd5 Nf6 19. Kh2 Nxd5 20. cxd5 Bd7 21. f4 Bg7 22. h4 Rc8 23. h5 g5 24. h6 Bxh6 25. Qh5 Qf6 26. Bh3 Bxh3 27. Kxh3 Qg6 28. Qxg6+ hxg6 29. Ng4 Bg7 30. e5 gxf4 31. gxf4 Rcd8 32. Rcd1 g5 33. fxg5 Bxe5 34. Nh6+ Kg7 35. Kg4 Kg6 36. Nf5 Rh8 37. Rh1 c4 38. bxc4 bxc4 39. Ne7+ Kg7 40. Nf5+ Kg6 41. Ne7+ Kg7 42. Nf5+ Kg6 1/2-1/2

[Event "Online Olym Div3 B"]
[Site "Chess.com INT"]
[Date "2021.08.28"]
[Round "4.4"]
[White "Paiva, Donaldo"]
[Black "Ortega Amarelle, Mariano"]
[Result "0-1"]
[WhiteElo "2201"]
[BlackElo "2463"]
[PlyCount "24"]
[EventDate "2021.08.27"]
[EventType "team-tourn (rapid)"]
[EventRounds "9"]
[EventCountry "USA"]
[SourceTitle "CBM 204 Extra"]
[Source "ChessBase"]
[SourceDate "2021.11.30"]
[SourceVersion "1"]
[SourceVersionDate "2021.11.30"]
[SourceQuality "1"]
[WhiteTeam "Mozambique"]
[BlackTeam "Kap Verde"]
[WhiteTeamCountry "MOZ"]
[BlackTeamCountry "KAP"]

1. d4 c5 2. d5 e5 3. c4 d6 4. Nc3 Nf6 5. e4 Be7 6. Nge2 0-0 7. Ng3 Ne8 8. h4 g6 9. Bh6 Ng7 10. Qd2 f5 11. exf5 gxf5 12. Be2 Rf7 0-1

[Event "Africa-ch"]
[Site "Lilongwe"]
[Date "2021.05.27"]
[Round "9"]
[White "Paiva, Donaldo"]
[Black "Oragwu, Chukwunonso"]
[Result "1/2-1/2"]
[WhiteElo "2230"]
[BlackElo "2241"]
[PlyCount "90"]
[EventDate "2021.05.18"]
[EventType "swiss"]
[EventRounds "9"]
[EventCountry "MWI"]
[SourceTitle "EXT 2022"]
[Source "ChessBase"]
[SourceDate "2021.10.06"]
[SourceVersion "1"]
[SourceVersionDate "2021.10.06"]
[SourceQuality "1"]

1. c4 g6 2. g3 Bg7 3. Bg2 Nc6 4. Nc3 d6 5. e4 Nf6 6. Nge2 0-0 7. 0-0 e5 8. h3 a6 9. d3 Rb8 10. a4 a5 11. Be3 Nb4 12. d4 Nd7 13. Kh2 c6 14. Qd2 Qe7 15. Rad1 Re8 16. Nc1 Nf8 17. Nb3 b6 18. Nc1 Ba6 19. b3 Red8 20. N1e2 Ne6 21. Rb1 Nc7 22. Rfd1 d5 23. cxd5 cxd5 24. exd5 Bxe2 25. Qxe2 Ncxd5 26. Nxd5 Nxd5 27. Bxd5 Rxd5 28. dxe5 Rxe5 29. Qd3 Re6 30. Qb5 h5 31. h4 Be5 32. Kg2 Re8 33. Bg5 Qb7+ 34. Qd5 Qb8 35. Rd3 Rd6 36. Qf3 Rxd3 37. Qxd3 Qb7+ 38. Qf3 Qxf3+ 39. Kxf3 Bd4 40. Rd1 Bc5 41. Bf6 Kf8 42. Rd7 Re6 43. Rd8+ Re8 44. Bg7+ Ke7 45. Bf6+ Kf8 1/2-1/2

[Event "Africa-ch"]
[Site "Lilongwe"]
[Date "2021.05.18"]
[Round "1"]
[White "Paiva, Donaldo"]
[Black "Wane, Al Hassane"]
[Result "1-0"]
[WhiteElo "2230"]
[BlackElo "1783"]
[PlyCount "51"]
[EventDate "2021.05.18"]
[EventType "swiss"]
[EventRounds "9"]
[EventCountry "MWI"]
[SourceTitle "CBM 202 Extra"]
[Source "ChessBase"]
[SourceDate "2021.07.31"]
[SourceVersion "1"]
[SourceVersionDate "2021.07.31"]
[SourceQuality "1"]

1. d4 d5 2. c4 e6 3. Nf3 Nf6 4. Nc3 Nbd7 5. Bg5 Bb4 6. e3 0-0 7. Rc1 c6 8. a3 Bxc3+ 9. Rxc3 Qb6 10. c5 Qc7 11. Bf4 Qd8 12. Bd3 Ne4 13. Bxe4 dxe4 14. Nd2 Nf6 15. Bg5 h6 16. Bxf6 Qxf6 17. Nxe4 Qg6 18. Ng3 f5 19. f4 Bd7 20. 0-0 Rab8 21. Qa4 a6 22. Ne2 Qg4 23. Nc1 Rf6 24. Qc2 h5 25. Nd3 Re8 26. Ne5 1-0

[Event "African Online op"]
[Site "Tornelo INT"]
[Date "2021.02.02"]
[Round "3"]
[White "Paiva, Donaldo"]
[Black "Mwashe, Philip"]
[Result "1-0"]
[WhiteElo "2230"]
[BlackElo "1756"]
[PlyCount "143"]
[EventDate "2021.02.01"]
[EventType "swiss (rapid)"]
[EventRounds "9"]
[EventCountry "NET"]
[SourceTitle "CBM 200 Extra"]
[Source "ChessBase"]
[SourceDate "2021.03.31"]
[SourceVersion "1"]
[SourceVersionDate "2021.03.31"]
[SourceQuality "1"]

1. c4 Nf6 2. g3 g6 3. Bg2 Bg7 4. Nc3 0-0 5. Nf3 d6 6. 0-0 e5 7. d3 Nc6 8. Rb1 a6 9. b4 Nd7 10. a4 f5 11. Bd2 Nf6 12. b5 axb5 13. axb5 Ne7 14. Qb3 Kh8 15. Ra1 Rxa1 16. Rxa1 Be6 17. Ra7 b6 18. Qa4 Nd7 19. Ng5 Bg8 20. Ra8 Nc8 21. Nd5 Nc5 22. Qa3 h6 23. Nf3 Bxd5 24. cxd5 Qd7 25. Qb4 g5 26. Bc3 g4 27. Nd2 Qf7 28. d4 Ne4 29. dxe5 Nxc3 30. Qxc3 Bxe5 31. Qd3 Ne7 32. Rxf8+ Qxf8 33. Nc4 Bg7 34. e3 Qa8 35. h4 Qa1+ 36. Kh2 Qe1 37. Qc2 Qb4 38. Nd2 Qc3 39. Qxc3 Bxc3 40. Nc4 Kg7 41. Kg1 Kf6 42. Kf1 Bb4 43. Ke2 Nc8 44. Nb2 Na7 45. Nd3 Ba3 46. Nf4 Nxb5 47. Kd3 Bc5 48. Ne6 c6 49. Nxc5 dxc5 50. dxc6 Ke6 51. e4 fxe4+ 52. Kxe4 Kd6 53. Kf5 c4 54. Kg6 Nd4 55. Kxh6 Nf3 56. Bf1 b5 57. Kg7 Nd4 58. h5 c3 59. Bd3 b4 60. h6 b3 61. h7 c2 62. h8Q Ne6+ 63. Kf6 c1Q 64. Qb8+ Nc7 65. Qxb3 Qh6+ 66. Kf7 Qh5+ 67. Bg6 Qc5 68. Qd3+ Nd5 69. Be4 Qxf2+ 70. Kg8 Qc5 71. Qxd5+ Qxd5+ 72. Bxd5 1-0

[Event "Online Olym Div3 D"]
[Site "Chess.com INT"]
[Date "2020.08.09"]
[Round "7.3"]
[White "Diaz Hollemaert, Nahuel Carlos"]
[Black "Paiva, Donaldo"]
[Result "1-0"]
[WhiteElo "2441"]
[BlackElo "2230"]
[PlyCount "55"]
[EventDate "2020.08.07"]
[EventType "team-tourn (rapid)"]
[EventRounds "9"]
[EventCountry "USA"]
[SourceTitle "CBM 198"]
[Source "ChessBase"]
[SourceDate "2020.10.31"]
[SourceVersion "1"]
[SourceVersionDate "2020.10.31"]
[SourceQuality "1"]
[WhiteTeam "Uruguay"]
[BlackTeam "Mozambique"]
[WhiteTeamCountry "URU"]
[BlackTeamCountry "MOZ"]

1. Nf3 Nf6 2. c4 e6 3. b3 d5 4. Bb2 Be7 5. g3 0-0 6. Bg2 b6 7. 0-0 Bb7 8. e3 c5 9. Nc3 dxc4 10. bxc4 Nc6 11. Qe2 Rc8 12. Rfd1 Qc7 13. Rac1 Rfd8 14. d4 cxd4 15. exd4 Na5 16. Nb5 Qb8 17. d5 a6 18. Be5 Qa8 19. Nc7 Qa7 20. Nxe6 fxe6 21. Ng5 Re8 22. Bb8 Ba3 23. Bxa7 Bxc1 24. Rxc1 exd5 25. Qd1 Nxc4 26. Qd4 h6 27. Nf3 Re6 28. Bh3 1-0

[Event "Online Olym Div4 B"]
[Site "Chess.com INT"]
[Date "2020.08.02"]
[Round "7.4"]
[White "Paiva, Donaldo"]
[Black "Al Othman, Abdul Wahab"]
[Result "1-0"]
[WhiteElo "2230"]
[BlackElo "1930"]
[PlyCount "109"]
[EventDate "2020.07.31"]
[EventType "team-tourn (rapid)"]
[EventRounds "9"]
[EventCountry "USA"]
[SourceTitle "CBM 198"]
[Source "ChessBase"]
[SourceDate "2020.10.31"]
[SourceVersion "1"]
[SourceVersionDate "2020.10.31"]
[SourceQuality "1"]
[WhiteTeam "Mozambique"]
[BlackTeam "Kuwait"]
[WhiteTeamCountry "MOZ"]
[BlackTeamCountry "KUW"]

1. e4 e5 2. Nf3 Nc6 3. Bb5 a6 4. Ba4 Nf6 5. 0-0 Be7 6. Re1 b5 7. Bb3 d6 8. c3 0-0 9. h3 Na5 10. Bc2 c5 11. d4 Qc7 12. Nbd2 cxd4 13. cxd4 Nc6 14. Nb3 a5 15. d5 Nb4 16. Bb1 a4 17. Bd2 Na6 18. Na5 Bd7 19. b4 Qb8 20. Bd3 Bd8 21. Nc6 Bxc6 22. dxc6 Bb6 23. Qe2 Nc7 24. Bg5 Qd8 25. Bxb5 h6 26. Bxf6 Qxf6 27. Bc4 Ne6 28. Bxe6 fxe6 29. Red1 d5 30. exd5 exd5 31. Qxe5 Bxf2+ 32. Kh1 Qxc6 33. Qxd5+ Qxd5 34. Rxd5 a3 35. b5 Rfd8 36. Rad1 Rxd5 37. Rxd5 Rc8 38. g4 Rc2 39. Rd2 Rb2 40. Rxb2 axb2 41. Nd2 Kf7 42. Kg2 Bb6 43. Kf3 Ke6 44. Ke4 Kd6 45. Kd3 Ba5 46. Nc4+ Kc5 47. Nxb2 Kxb5 48. Ke4 Kb4 49. Kf5 Bd8 50. Kg6 Bf6 51. Nd3+ Ka3 52. Nf4 Kxa2 53. Nh5 Bg5 54. Nxg7 Kb3 55. Nf5 1-0

[Event "Online Olym Div4 B"]
[Site "Chess.com INT"]
[Date "2020.08.02"]
[Round "9.3"]
[White "Paiva, Donaldo"]
[Black "Nezad, Husein Aziz"]
[Result "1-0"]
[WhiteElo "2230"]
[BlackElo "2386"]
[PlyCount "149"]
[EventDate "2020.07.31"]
[EventType "team-tourn (rapid)"]
[EventRounds "9"]
[EventCountry "USA"]
[SourceTitle "CBM 198"]
[Source "ChessBase"]
[SourceDate "2020.10.31"]
[SourceVersion "1"]
[SourceVersionDate "2020.10.31"]
[SourceQuality "1"]
[WhiteTeam "Mozambique"]
[BlackTeam "Qatar"]
[WhiteTeamCountry "MOZ"]
[BlackTeamCountry "QAT"]

1. e4 e5 2. Nf3 Nc6 3. Bb5 g6 4. 0-0 Bg7 5. d4 Nxd4 6. Nxd4 exd4 7. f4 c6 8. Bc4 d5 9. exd5 cxd5 10. Bb5+ Bd7 11. Bxd7+ Qxd7 12. Re1+ Ne7 13. Qe2 h5 14. f5 gxf5 15. Bg5 f6 16. Bf4 Kf7 17. Nd2 Ng6 18. Rf1 Rae8 19. Qd3 Re4 20. Nxe4 fxe4 21. Qxd4 f5 22. Qxa7 Rc8 23. c3 d4 24. Rad1 d3 25. Be3 Ne5 26. Rxf5+ Qxf5 27. Rf1 Nf3+ 28. gxf3 Kg8 29. Qxb7 Rf8 30. Qxe4 Qd7 31. Rd1 Qb5 32. b3 h4 33. Rxd3 h3 34. Qd5+ Qxd5 35. Rxd5 Rxf3 36. Bd4 Bxd4+ 37. cxd4 Rd3 38. Ra5 Rd2 39. Rh5 Rg2+ 40. Kh1 Rxa2 41. Rxh3 Rd2 42. Rf3 Rxd4 43. Kg2 Kg7 44. h3 Kg6 45. Kf2 Rd2+ 46. Ke3 Rb2 47. Kd4 Rb1 48. Kc5 Rc1+ 49. Kb5 Kg5 50. b4 Rb1 51. Ka5 Kh4 52. b5 Ra1+ 53. Kb6 Rb1 54. Ka6 Ra1+ 55. Kb7 Rb1 56. b6 Rb2 57. Ka7 Ra2+ 58. Kb8 Rb2 59. b7 Rc2 60. Rf8 Kxh3 61. Ka7 Ra2+ 62. Kb6 Rb2+ 63. Kc6 Rc2+ 64. Kd5 Rd2+ 65. Ke4 Re2+ 66. Kd3 Rb2 67. b8Q Rxb8 68. Rxb8 Kg4 69. Rf8 Kg3 70. Ke4 Kg4 71. Rg8+ Kh3 72. Kf4 Kh2 73. Kf3 Kh1 74. Kf2 Kh2 75. Rh8# 1-0

[Event "Titled Tuesday intern op 28th Apr"]
[Site "Chess.com INT"]
[Date "2020.04.28"]
[Round "3"]
[White "Paiva, Donaldo"]
[Black "De Borba, Guilherme"]
[Result "0-1"]
[WhiteElo "2230"]
[BlackElo "2279"]
[PlyCount "74"]
[EventDate "2020.04.28"]
[EventType "swiss (blitz)"]
[EventRounds "10"]
[EventCountry "USA"]
[SourceTitle "EXT 2021"]
[Source "ChessBase"]
[SourceDate "2020.10.23"]
[SourceVersion "1"]
[SourceVersionDate "2020.10.23"]
[SourceQuality "1"]

1. e4 c6 2. f3 d5 3. d4 dxe4 4. fxe4 e5 5. Nf3 exd4 6. Bc4 Be6 7. Bxe6 fxe6 8. 0-0 Bc5 9. Ng5 Nf6 10. e5 d3+ 11. Kh1 Nd5 12. Nxe6 Qe7 13. Nxc5 Qxc5 14. cxd3 Nd7 15. Bg5 Ne3 16. Bxe3 Qxe3 17. Nc3 0-0-0 18. Re1 Qd4 19. Re4 Qb6 20. Qe2 Nc5 21. Re3 Ne6 22. Re1 Rhf8 23. h3 Rf4 24. Re4 Rdf8 25. Qd2 Rf1+ 26. Rxf1 Rxf1+ 27. Kh2 Qg1+ 28. Kg3 g5 29. d4 Nf4 30. d5 cxd5 31. Rd4 h5 32. h4 Re1 33. Nxd5 Ne2+ 34. Kh3 g4+ 35. Rxg4 hxg4+ 36. Kxg4 Qxg2+ 37. Kf5 Ng3+ 0-1

[Event "Titled Tuesday intern op1 3rd March  "]
[Site "Chess.com INT"]
[Date "2020.03.03"]
[Round "6"]
[White "Logozar, Elijah"]
[Black "Paiva, Donaldo"]
[Result "1-0"]
[WhiteElo "2036"]
[BlackElo "2230"]
[PlyCount "71"]
[EventDate "2020.03.03"]
[EventType "swiss (blitz)"]
[EventRounds "10"]
[EventCountry "USA"]
[SourceTitle "EXT 2021"]
[Source "ChessBase"]
[SourceDate "2020.10.23"]
[SourceVersion "1"]
[SourceVersionDate "2020.10.23"]
[SourceQuality "1"]

1. e4 e5 2. Nf3 Nc6 3. Bb5 a6 4. Ba4 Nf6 5. 0-0 Be7 6. Re1 b5 7. Bb3 d6 8. c3 0-0 9. h3 Nb8 10. d4 Nbd7 11. Nbd2 Bb7 12. Bc2 Re8 13. Nf1 Bf8 14. Ng3 g6 15. a4 c6 16. Bg5 h6 17. Be3 Bg7 18. Qd2 Kh7 19. Nh2 d5 20. exd5 Nxd5 21. Nh5 Nxe3 22. Rxe3 Bh8 23. Rf3 f5 24. Bxf5 gxf5 25. Rxf5 Nf6 26. Ng4 Nxg4 27. hxg4 Re7 28. g5 Qd7 29. Rf6 Qg4 30. Rxh6+ Kg8 31. Qc2 e4 32. Qb3+ Rf7 33. Rxh8+ Kxh8 34. Qxf7 Rg8 35. Qxg8+ Kxg8 36. Nf6+ 1-0

[Event "Titled Tuesday intern op1 3rd March  "]
[Site "Chess.com INT"]
[Date "2020.03.03"]
[Round "5"]
[White "Narayanan, Sunilduth Lyna"]
[Black "Paiva, Donaldo"]
[Result "1-0"]
[WhiteElo "2618"]
[BlackElo "2230"]
[PlyCount "49"]
[EventDate "2020.03.03"]
[EventType "swiss (blitz)"]
[EventRounds "10"]
[EventCountry "USA"]
[SourceTitle "EXT 2021"]
[Source "ChessBase"]
[SourceDate "2020.10.23"]
[SourceVersion "1"]
[SourceVersionDate "2020.10.23"]
[SourceQuality "1"]

1. c4 Nf6 2. Nc3 e6 3. e4 Nc6 4. d4 Bb4 5. e5 Ne4 6. Qd3 d5 7. a3 Bxc3+ 8. bxc3 0-0 9. Nh3 f6 10. f3 Ng5 11. Nxg5 fxg5 12. Qc2 g4 13. Bd3 gxf3 14. 0-0 Qh4 15. g3 Qh3 16. Bf4 Na5 17. c5 b6 18. Rxf3 g5 19. Raf1 gxf4 20. gxf4 Qh6 21. Qg2+ Kh8 22. Rh3 Qg7 23. Rxh7+ Qxh7 24. Bxh7 Kxh7 25. Rf3 1-0

[Event "Titled Tuesday intern op 3rd March"]
[Site "Chess.com INT"]
[Date "2020.03.03"]
[Round "3"]
[White "Paiva, Donaldo"]
[Black "Gelman, Alexander"]
[Result "1-0"]
[WhiteElo "2230"]
[BlackElo "2403"]
[PlyCount "103"]
[EventDate "2020.03.03"]
[EventType "swiss (blitz)"]
[EventRounds "10"]
[EventCountry "USA"]
[SourceTitle "EXT 2021"]
[Source "ChessBase"]
[SourceDate "2020.10.23"]
[SourceVersion "1"]
[SourceVersionDate "2020.10.23"]
[SourceQuality "1"]

1. e4 c5 2. Nf3 e6 3. d4 cxd4 4. Nxd4 d6 5. g3 Nf6 6. Bg2 a6 7. 0-0 Be7 8. Nc3 Qc7 9. h3 Nc6 10. Nde2 0-0 11. a4 Re8 12. g4 Rb8 13. Ng3 b5 14. axb5 axb5 15. g5 Nd7 16. f4 b4 17. Nce2 Bf8 18. Kh1 Bb7 19. b3 Rbc8 20. Bb2 d5 21. e5 Nc5 22. h4 d4 23. Nc1 d3 24. Nxd3 Red8 25. Qe2 Nxd3 26. cxd3 Ne7 27. Ne4 Nf5 28. Rac1 Bxe4 29. Rxc7 Ng3+ 30. Kh2 Nxe2 31. Rxc8 Rxc8 32. dxe4 Rc2 33. Ba1 g6 34. f5 Bc5 35. Kh3 Nc3 36. Bf3 Bd4 37. Bg4 exf5 38. exf5 Bxe5 39. Rh1 Ne4 40. Bxe5 Nf2+ 41. Kg2 Nxg4+ 42. Kf3 Nxe5+ 43. Ke4 Nd7 44. f6 Nc5+ 45. Kd5 Nxb3 46. Re1 Rc8 47. Rb1 Nc5 48. Rxb4 Ne6 49. Rb7 h6 50. gxh6 Rc5+ 51. Kd6 Rf5 52. Ke7 1-0